000 00465nam a22001937a 4500
003 OSt
005 20140310181731.0
008 130313t xxu||||| |||| 00| 0 eng d
020 _a059013437X
050 _aPN 6231
_b.B854 1994
082 _aGS 808.882
_bB76 1994
245 _a101 Valentine jokes
_cPat Brigandi
260 _aNew York
_bScholastic
_c1994
300 _a96 p.
_c17 cm.
526 _c860L-920L
562 _e1
942 _2lcc
_cBK
999 _c2406
_d2406